Clic A quel pays actuel correspond cette ancienne appelation ? (1) - Statistiques

Statistiques générales
  • Ce quiz a été pris 43 fois
  • Le résultat moyen est 9 sur 25
Statistiques - réponses
Hint Réponse % Correct
Cité de Sparte Grèce
89%
Royaume de Prusse Allemagne
86%
Dominion de Ceylan Sri Lanka
76%
République de Saint-Tropez France
73%
Royaume de Galice Espagne
65%
Royaume de Saxe Allemagne
62%
Royaume de Léon Espagne
59%
République de Haute-Volta Burkina Faso
51%
Royaume de Bora-Bora France
38%
Royaume de Leinster Irlande
35%
République batave Pays-Bas
35%
Bantoustan de Transkei Afrique-du-Sud
30%
République de Salo Italie
30%
Région de Calédonie Royaume-Uni
27%
Empire Marathe Inde
24%
Principauté de Bénévent Italie
24%
Etat libre de Fiume Croatie
16%
République des Allobroges France
16%
Empire Gupta Inde
16%
Royaume de Pagan Birmanie
14%
Terre d'Eburnie Côte d'ivoire
14%
Emirat de Kachgarie
Chine
5%
Royaume de Mataram Indonésie
5%
Royaume de Strathclyde Royaume-Uni
3%
Principauté de Theodoros Ukraine
0%
Aucun quiz correspondant
Distribution des résultats
% des personnes avec chaque résultat
Percentile par nombre de réponses
Votre historique - résultats
Vous n’avez pas pris ce quiz